000 00701nam0a22002531 4500
001 v19\rc\1427376
005 20250618130733.0
035 _a(NLR Aleph) 004575131
090 _a2454567
_c2454567
100 _a20060620d1857 |||y0rusy50 ca
101 0 _arus
102 _aRU
105 _ay z |||||
200 1 _aПраздник Крещения господа нашего Иисуса Христа
_fСоч. В.З.
210 _aМосква
_cИзд. А.Ф.
_d1857
215 _a48 с.
702 0 _aВ.З.
_4220
801 0 _aRU
_bNLR
_gpsbo
801 0 _aRU
_bRuMoRGB
_2psbo
801 1 _aRU
_bProSoft-M
_2rusmarc
852 _aNLR
_j18.125.3.30
899 _aГПИБ
942 _cBOOK
980 _aNB